अंग्रेजी की रंगरेजी / (Record no. 112249)

MARC details
000 -LEADER
fixed length control field 01049nam a22002537a 4500
005 - DATE AND TIME OF LATEST TRANSACTION
control field 20170124102936.0
010 ## - LIBRARY OF CONGRESS CONTROL NUMBER
LC control number A-672419
020 ## - INTERNATIONAL STANDARD BOOK NUMBER
Terms of availability 35.00
035 ## - SYSTEM CONTROL NUMBER
System control number A-672419
037 ## - SOURCE OF ACQUISITION
Source of stock number/acquisition Cen Lib/Ret
040 ## - CATALOGING SOURCE
Original cataloging agency DPL
Language of cataloging HN
082 ## - DEWEY DECIMAL CLASSIFICATION NUMBER
Classification number 827
Item number गौतम
100 ## - MAIN ENTRY--PERSONAL NAME
Personal name गौतम, राजकुमार
9 (RLIN) 9496
245 ## - TITLE STATEMENT
Title अंग्रेजी की रंगरेजी /
Statement of responsibility, etc गौतम राजकुमार
246 ## - VARYING FORM OF TITLE
Title proper/short title Angrezi ki rangrezi /
Remainder of title by Rajkumar Gautam
260 ## - PUBLICATION, DISTRIBUTION, ETC. (IMPRINT)
Place of publication, distribution, etc दिल्ली
Name of publisher, distributor, etc जगतराम एंड सन्स
Date of publication, distribution, etc 1994
270 ## - ADDRESS
City दिल्ली
Address सरस्वती भंडार, गाँधी नगर
Postal code 110031
300 ## - PHYSICAL DESCRIPTION
Extent 88पृ.
Dimensions 16सेमी(सजिल्द)
650 ## - SUBJECT ADDED ENTRY--TOPICAL TERM
Topical term or geographic name as entry element हिन्दी साहित्य
9 (RLIN) 46534
650 ## - SUBJECT ADDED ENTRY--TOPICAL TERM
Topical term or geographic name as entry element हिन्दी साहित्य -- कहानियां
9 (RLIN) 46535
650 ## - SUBJECT ADDED ENTRY--TOPICAL TERM
Topical term or geographic name as entry element Hindi literature
9 (RLIN) 46536
650 ## - SUBJECT ADDED ENTRY--TOPICAL TERM
Topical term or geographic name as entry element Hindi literature -- Stories
9 (RLIN) 46537
942 ## - ADDED ENTRY ELEMENTS (KOHA)
Source of classification or shelving scheme Dewey Decimal Classification
Koha item type Hindi Books
Classification part 827
Call number suffix गौतम
Holdings
Withdrawn status Lost status Damaged status Not for loan Home library Current library Date acquired Source of acquisition Cost, normal purchase price Total Checkouts Full call number Barcode Date last seen Copy number Cost, replacement price Price effective from Koha item type
        Central Library Central Library 07/08/2015 Cen Lib/Ret 35.00   827 गौतम A-672419 07/08/2015 1 35.00 07/08/2015 Hindi Books

© Delhi Public Library
Hit Counter
free hit counter